[Event "Perth op"]
[Site "Perth"]
[Date "2023.01.07"]
[Round "9"]
[White "Holland, Dennis"]
[Black "Barry, David"]
[Result "1-0"]
[WhiteElo "1899"]
[BlackElo "1647"]
[PlyCount "155"]
[EventDate "2023.01.02"]
[EventType "swiss"]
[EventRounds "11"]
[EventCountry "AUS"]
[SourceTitle "CBM 212 Extra"]
[Source "ChessBase"]
[SourceDate "2023.03.31"]
[SourceVersion "1"]
[SourceVersionDate "2023.03.31"]
[SourceQuality "1"]

1. d4 Nf6 2. Nf3 d5 3. c4 e6 4. e3 Be7 5. Nbd2 0-0 6. Bd3 dxc4 7. Nxc4 Nbd7 8. Nce5 c5 9. Nxd7 Nxd7 10. Qc2 h6 11. 0-0 cxd4 12. Nxd4 Nf6 13. Bd2 Qb6 14. Rac1 Bd7 15. Qb3 Qxb3 16. Nxb3 Rac8 17. Bc3 Bc6 18. Bd4 a6 19. Bc5 Bxc5 20. Nxc5 Rfd8 21. Rfd1 Bb5 22. Bxb5 Rxd1+ 23. Rxd1 Rxc5 24. Rd8+ Kh7 25. Bd3+ g6 26. Kf1 Kg7 27. Rd4 Rc7 28. Ke2 Kf8 29. Rc4 Rd7 30. f4 Ke7 31. e4 Ne8 32. e5 Nc7 33. g4 g5 34. f5 exf5 35. gxf5 Nd5 36. Be4 Nf4+ 37. Kf3 Nd3 38. Bxd3 Rxd3+ 39. Ke4 Rd7 40. Rc8 Rd2 41. Rc7+ Ke8 42. Rxb7 Rxh2 43. Rb8+ Kd7 44. Rb7+ Ke8 45. Rb6 Re2+ 46. Kd4 Rd2+ 47. Ke4 Re2+ 48. Kd4 Rd2+ 49. Ke3 Rd5 50. Ke4 Rd2 51. Rxh6 Re2+ 52. Kd4 Rd2+ 53. Ke3 Rxb2 54. Rxa6 Rb1 55. Kf3 Rf1+ 56. Kg4 Rg1+ 57. Kh5 g4 58. Kh4 g3 59. Kh3 g2 60. f6 Re1 61. Kxg2 Rxe5 62. Kf3 Rb5 63. a4 Rb4 64. a5 Kd7 65. Ke3 Ra4 66. Kd3 Ra1 67. Ke4 Re1+ 68. Kf5 Rf1+ 69. Kg5 Rg1+ 70. Kh6 Rg2 71. Rb6 Rg1 72. a6 Ra1 73. Kg7 Ke8 74. Rb8+ Kd7 75. Rb7+ Ke8 76. Re7+ Kd8 77. a7 Ra2 78. Kxf7 1-0

[Event "Perth op"]
[Site "Perth"]
[Date "2023.01.02"]
[Round "1"]
[White "Holland, Dennis"]
[Black "Rafiei Darani, Daryoush"]
[Result "1-0"]
[WhiteElo "1899"]
[BlackElo "1504"]
[PlyCount "103"]
[EventDate "2023.01.02"]
[EventType "swiss"]
[EventRounds "11"]
[EventCountry "AUS"]
[SourceTitle "CBM 212 Extra"]
[Source "ChessBase"]
[SourceDate "2023.03.31"]
[SourceVersion "1"]
[SourceVersionDate "2023.03.31"]
[SourceQuality "1"]

1. d4 Nf6 2. Nf3 g6 3. g3 Bg7 4. Bg2 0-0 5. 0-0 d6 6. Nbd2 Nbd7 7. e4 e5 8. dxe5 dxe5 9. Qe2 c6 10. Rd1 Qc7 11. Nc4 Nc5 12. Ncxe5 Nfxe4 13. Bf4 Qe7 14. Nc4 Qe6 15. Nd4 Nxg3 16. Qxe6 Nxe6 17. Nxe6 Ne2+ 18. Kf1 Bxe6 19. Kxe2 Bxc4+ 20. Kf3 g5 21. Bxg5 Bd5+ 22. Kg3 Bxb2 23. Rab1 Be5+ 24. f4 Bxg2 25. fxe5 Bd5 26. Bf6 h6 27. Rxb7 Kh7 28. Kf4 Rg8 29. h4 Rg2 30. h5 Bxa2 31. Rdd7 Kg8 32. Rxa7 Rxa7 33. Rxa7 Rf2+ 34. Ke3 Rxf6 35. exf6 Bd5 36. Ra8+ Kh7 37. Rd8 Be6 38. Kf4 Bc4 39. Rd2 Bf1 40. Ke5 Bh3 41. Kd6 Bg4 42. Rh2 Bf3 43. c4 Be4 44. Rh4 Bf3 45. Ke7 Kg8 46. Rh3 Be2 47. Rg3+ Kh8 48. Kxf7 c5 49. Kg6 Bd1 50. Kxh6 Bxh5 51. Kxh5 Kh7 52. f7 1-0

[Event "Doeberl Cup Premier 50th"]
[Site "Canberra"]
[Date "2012.04.08"]
[Round "9"]
[White "Goundar, Sanmogam"]
[Black "Holland, Dennis"]
[Result "1-0"]
[WhiteElo "1909"]
[BlackElo "1960"]
[PlyCount "25"]
[EventDate "2012.04.05"]
[EventType "swiss"]
[EventRounds "9"]
[EventCountry "AUS"]
[SourceTitle "EXT 2023"]
[Source "ChessBase"]
[SourceDate "2022.10.05"]
[SourceVersion "1"]
[SourceVersionDate "2022.10.05"]
[SourceQuality "1"]

1. e4 e6 2. d4 d5 3. Nc3 dxe4 4. Nxe4 Nd7 5. Nf3 Be7 6. Bd3 Ngf6 7. Qe2 0-0 8. Nxf6+ Bxf6 9. h4 c5 10. Bxh7+ Kh8 11. Bd3 cxd4 12. Ng5 Nc5 13. Qh5+ 1-0

[Event "Queenstown op"]
[Site "Queenstown"]
[Date "2012.01.17"]
[Round "3"]
[White "Holland, Dennis"]
[Black "Brockman, Roland"]
[Result "1-0"]
[WhiteElo "1958"]
[BlackElo "1703"]
[PlyCount "99"]
[EventDate "2012.01.15"]
[EventType "swiss"]
[EventRounds "9"]
[EventCountry "NZL"]
[SourceTitle "CBM 146 Extra"]
[Source "ChessBase"]
[SourceDate "2012.02.29"]
[SourceVersion "1"]
[SourceVersionDate "2012.02.29"]
[SourceQuality "1"]

1. d4 d5 2. c4 e6 3. Nf3 Nf6 4. e3 Be7 5. Bd3 0-0 6. 0-0 Nbd7 7. b3 c5 8. Bb2 b6 9. Nbd2 Bb7 10. Rc1 Rc8 11. Qe2 Re8 12. Rfd1 Bf8 13. Nf1 Rc7 14. Ng3 Qc8 15. dxc5 dxc4 16. Bxc4 Bxc5 17. Ne5 Rd8 18. Nxd7 Rcxd7 19. Rxd7 Rxd7 20. b4 Qc6 21. Qf1 Bxb4 22. Bb5 Qd6 23. Bxd7 Qxd7 24. Qc4 Bc5 25. Bxf6 Qc6 26. Qe4 gxf6 27. Qg4+ Kf8 28. Nh5 Ke7 29. Nf4 Qe4 30. Qf3 Qxf3 31. gxf3 Bxf3 32. Nd3 Kd6 33. Nxc5 bxc5 34. Kf1 Bd5 35. a3 Bc6 36. Ke2 Bb5+ 37. Kd2 f5 38. Rg1 Be8 39. Rg7 h5 40. Rh7 f6 41. Rxa7 Kc6 42. Re7 Bd7 43. Rf7 Kd6 44. Rxf6 Ke5 45. Rf8 Bc6 46. Rh8 Bf3 47. Rd8 Bd5 48. a4 Bc6 49. a5 Bb5 50. Rh8 1-0

[Event "Sydney op"]
[Site "Parramatta"]
[Date "2010.04.10"]
[Round "7"]
[White "Holland, Dennis"]
[Black "Milligan, Helen"]
[Result "1/2-1/2"]
[WhiteElo "1944"]
[BlackElo "2016"]
[PlyCount "73"]
[EventDate "2010.04.07"]
[EventType "swiss"]
[EventRounds "9"]
[EventCountry "AUS"]
[SourceTitle "CBM 135 Extra"]
[Source "ChessBase"]
[SourceDate "2010.05.04"]
[SourceVersion "1"]
[SourceVersionDate "2010.05.04"]
[SourceQuality "1"]

1. d4 Nf6 2. Nf3 g6 3. Nbd2 Bg7 4. e4 d6 5. c3 0-0 6. Bd3 Nbd7 7. 0-0 e5 8. dxe5 dxe5 9. Nc4 Qe7 10. Qe2 Nh5 11. Bg5 f6 12. Be3 Nf4 13. Bxf4 exf4 14. Rfe1 Ne5 15. Ncxe5 fxe5 16. Bc4+ Kh8 17. Rad1 Bg4 18. h3 Bh5 19. Rd3 Rad8 20. Red1 Bf6 21. Rxd8 Rxd8 22. Rxd8+ Qxd8 23. Qd3 Qxd3 24. Bxd3 g5 25. Nd2 Kg7 26. Bc4 Kf8 27. f3 Ke7 28. Kf2 c6 29. Ke2 b5 30. Bg8 h6 31. b4 Kd7 32. c4 Be7 33. c5 a5 34. a3 a4 35. Nf1 Bg6 36. Nh2 h5 37. Kd3 1/2-1/2

[Event "Sydney op"]
[Site "Parramatta"]
[Date "2010.04.09"]
[Round "6"]
[White "Chowdhury, Sohel"]
[Black "Holland, Dennis"]
[Result "1-0"]
[WhiteElo "2194"]
[BlackElo "1944"]
[PlyCount "103"]
[EventDate "2010.04.07"]
[EventType "swiss"]
[EventRounds "9"]
[EventCountry "AUS"]
[SourceTitle "CBM 135 Extra"]
[Source "ChessBase"]
[SourceDate "2010.05.04"]
[SourceVersion "1"]
[SourceVersionDate "2010.05.04"]
[SourceQuality "1"]

1. e4 e6 2. d4 d5 3. exd5 exd5 4. Nf3 Bd6 5. Bd3 Nf6 6. 0-0 0-0 7. h3 h6 8. Be3 Be6 9. Re1 Re8 10. c3 c6 11. Nbd2 Nbd7 12. a3 a5 13. Qc2 b5 14. a4 b4 15. c4 Rc8 16. c5 Bc7 17. b3 Kh8 18. Rac1 Qe7 19. Ba6 Rb8 20. Bd3 Qf8 21. Nh2 g5 22. Bf5 Qg7 23. g4 Bxf5 24. Qxf5 Nf8 25. Nhf3 Ng6 26. Qd3 Ra8 27. Nf1 Ne4 28. Kg2 f5 29. Qd1 f4 30. Bd2 Re6 31. Rc2 Rae8 32. Bc1 R8e7 33. Qd3 Qf7 34. Bb2 Kg8 35. Rce2 Qe8 36. Qc2 Nxc5 37. Rxe6 Nxe6 38. N1d2 Nd8 39. Rxe7 Nxe7 40. Ne5 Bxe5 41. dxe5 Ng6 42. Nf3 Ne6 43. Ba1 Ngf8 44. Qe2 Nc5 45. Nd4 Ng6 46. e6 f3+ 47. Kxf3 Qb8 48. Nf5 Qf4+ 49. Kg2 Qxf5 50. e7 Nh4+ 51. Kh1 Qb1+ 52. Kh2 1-0

[Event "Doeberl Cup Major 48th"]
[Site "Canberra"]
[Date "2010.04.04"]
[Round "6"]
[White "Christensen, Joshua"]
[Black "Holland, Dennis"]
[Result "1/2-1/2"]
[WhiteElo "1634"]
[BlackElo "1843"]
[PlyCount "59"]
[EventDate "2010.04.02"]
[EventType "swiss"]
[EventRounds "7"]
[EventCountry "AUS"]
[SourceTitle "EXT 2012"]
[Source "ChessBase"]
[SourceDate "2011.11.24"]
[SourceVersion "1"]
[SourceVersionDate "2011.11.24"]
[SourceQuality "1"]

1. d4 d5 2. c4 e6 3. Nc3 Nf6 4. cxd5 exd5 5. Bg5 Be7 6. e3 c6 7. Bd3 0-0 8. Qc2 h6 9. Bh4 Re8 10. Nge2 Ne4 11. Bxe7 Qxe7 12. Bxe4 dxe4 13. Ng3 f5 14. 0-0-0 Be6 15. f3 Na6 16. a3 Kh8 17. fxe4 fxe4 18. Qxe4 Qd7 19. Qd3 b5 20. d5 Nc5 21. Qg6 cxd5 22. Kb1 Bg8 23. Qh5 Bh7+ 24. e4 Nxe4 25. Ngxe4 Bxe4+ 26. Nxe4 Rxe4 27. Rxd5 Qg4 28. Qxg4 Rxg4 29. g3 b4 30. Rhd1 1/2-1/2

[Event "Doeberl Cup Major 48th"]
[Site "Canberra"]
[Date "2010.04.02"]
[Round "1"]
[White "Holland, Dennis"]
[Black "Oliver, Tamzin Louise"]
[Result "1-0"]
[WhiteElo "1843"]
[BlackElo "1578"]
[PlyCount "51"]
[EventDate "2010.04.02"]
[EventType "swiss"]
[EventRounds "7"]
[EventCountry "AUS"]
[SourceTitle "EXT 2012"]
[Source "ChessBase"]
[SourceDate "2011.11.24"]
[SourceVersion "1"]
[SourceVersionDate "2011.11.24"]
[SourceQuality "1"]

1. d4 Nf6 2. Nf3 e6 3. c4 b6 4. Nc3 Bb4 5. a3 Bxc3+ 6. bxc3 Ne4 7. Qc2 Bb7 8. Bf4 0-0 9. e3 Na6 10. Bd3 f5 11. h4 h6 12. h5 c5 13. d5 Nc7 14. Bxc7 Qxc7 15. Bxe4 fxe4 16. Qxe4 Rae8 17. Qd3 Rf5 18. 0-0-0 Ref8 19. Rh4 Qd8 20. Rg4 Qe7 21. Nh4 Rxh5 22. Ng6 Qe8 23. Nxf8 Qxf8 24. dxe6 dxe6 25. Qg6 Rg5 26. Qxe6+ 1-0

[Event "Doeberl Cup Major 48th"]
[Site "Canberra"]
[Date "2010.04.02"]
[Round "2"]
[White "Tenorio, Leonardo"]
[Black "Holland, Dennis"]
[Result "0-1"]
[WhiteElo "1644"]
[BlackElo "1843"]
[PlyCount "130"]
[EventDate "2010.04.02"]
[EventType "swiss"]
[EventRounds "7"]
[EventCountry "AUS"]
[SourceTitle "EXT 2012"]
[Source "ChessBase"]
[SourceDate "2011.11.24"]
[SourceVersion "1"]
[SourceVersionDate "2011.11.24"]
[SourceQuality "1"]

1. e4 e6 2. d4 d5 3. Nc3 dxe4 4. Nxe4 Nd7 5. Bd3 Ngf6 6. Nf3 Be7 7. 0-0 0-0 8. c3 b6 9. Ng3 Bb7 10. Bf4 c5 11. Re1 cxd4 12. cxd4 Nd5 13. Bd2 N7f6 14. Ne5 Nb4 15. Bc3 Nxd3 16. Qxd3 Nd5 17. Bd2 Nb4 18. Bxb4 Bxb4 19. Red1 Qd5 20. f3 Rfd8 21. Ne4 f6 22. Ng4 Be7 23. Kh1 Qh5 24. Ng3 Qf7 25. Qe2 Rd7 26. Re1 Bb4 27. Red1 Rad8 28. Qc4 Bf8 29. Ne3 Bd6 30. Ne4 Bxe4 31. fxe4 Bf4 32. Nc2 Rc7 33. Qb3 Rdc8 34. Ne1 Rc6 35. Qf3 Bb8 36. d5 exd5 37. exd5 Rc4 38. Qh3 Rd8 39. Qe6 Qxe6 40. dxe6 Re8 41. Nf3 Re4 42. Nd4 Be5 43. Nc6 Bxb2 44. Rab1 R4xe6 45. Nxa7 Bc3 46. Kg1 Re2 47. Nb5 Ba5 48. a3 Re1+ 49. Kf2 R8e2+ 50. Kg3 Re3+ 51. Kf2 R1e2+ 52. Kf1 Ra2 53. Rd8+ Kf7 54. Rd7+ Kg6 55. Nd4 Rd3 56. h4 h5 57. g4 Rad2 58. gxh5+ Kh7 59. h6 Rxd4 60. Rxg7+ Kxh6 61. Rg8 Kh7 62. Rg3 Rxh4 63. Rc1 Rh1+ 64. Rg1 Rxg1+ 65. Kxg1 Ra2 0-1

[Event "Doeberl Cup 47th"]
[Site "Canberra"]
[Date "2009.04.11"]
[Round "6"]
[White "Holland, Dennis"]
[Black "Gibbons, Robert"]
[Result "0-1"]
[WhiteElo "1963"]
[BlackElo "2067"]
[PlyCount "90"]
[EventDate "2009.04.09"]
[EventType "swiss"]
[EventRounds "9"]
[EventCountry "AUS"]
[SourceTitle "CBM 129 Extra"]
[Source "ChessBase"]
[SourceDate "2009.05.05"]
[SourceVersion "2"]
[SourceVersionDate "2009.05.20"]
[SourceQuality "1"]

1. d4 Nf6 2. Nf3 e6 3. c4 Bb4+ 4. Nbd2 0-0 5. a3 Be7 6. e4 d5 7. e5 Nfd7 8. Qc2 Re8 9. Bd3 Nf8 10. Nf1 b6 11. cxd5 exd5 12. Ne3 Ba6 13. Nf5 Bxd3 14. Qxd3 f6 15. Nxe7+ Qxe7 16. 0-0 Nbd7 17. exf6 Nxf6 18. Bg5 Qd6 19. Bxf6 Qxf6 20. Rac1 Qd6 21. Qb5 a6 22. Qc6 Rac8 23. h3 Qxc6 24. Rxc6 Re6 25. Rfc1 Rxc6 26. Rxc6 Kf7 27. b4 Ne6 28. Rc2 c5 29. dxc5 bxc5 30. bxc5 Rxc5 31. Rxc5 Nxc5 32. Nd4 Kf6 33. Kf1 Ke5 34. Nf3+ Ke4 35. Ke2 h6 36. Nh4 Ne6 37. Ng6 Kd4 38. Ne7 Kc4 39. g3 a5 40. f4 a4 41. f5 Ng5 42. h4 Ne4 43. g4 d4 44. Nc6 d3+ 45. Ke3 d2 0-1

[Event "Doeberl Cup 47th"]
[Site "Canberra"]
[Date "2009.04.10"]
[Round "4"]
[White "Quick, Simon"]
[Black "Holland, Dennis"]
[Result "1-0"]
[WhiteElo "2197"]
[BlackElo "1963"]
[PlyCount "55"]
[EventDate "2009.04.09"]
[EventType "swiss"]
[EventRounds "9"]
[EventCountry "AUS"]
[SourceTitle "CBM 129 Extra"]
[Source "ChessBase"]
[SourceDate "2009.05.05"]
[SourceVersion "2"]
[SourceVersionDate "2009.05.20"]
[SourceQuality "1"]

1. d4 d5 2. c4 e6 3. Nc3 Nf6 4. Bg5 c6 5. e3 Nbd7 6. Nf3 Qa5 7. Bxf6 Nxf6 8. Nd2 Bd6 9. Bd3 0-0 10. 0-0 Qd8 11. e4 dxe4 12. Ndxe4 Bc7 13. Bc2 Nxe4 14. Nxe4 f5 15. Nc3 Qg5 16. Qd3 Rf6 17. g3 Rg6 18. Ne2 f4 19. Qf3 Rf6 20. Qe4 f3 21. Qxh7+ Kf7 22. Nc3 Qg4 23. h3 Qxd4 24. Qh5+ Kf8 25. Bg6 Qe5 26. Qh8+ Ke7 27. Qe8+ Kd6 28. Ne4+ 1-0

[Event "Queenstown op"]
[Site "Queenstown"]
[Date "2009.01.22"]
[Round "8"]
[White "Ansell, Alan"]
[Black "Holland, Dennis"]
[Result "0-1"]
[WhiteElo "1300"]
[BlackElo "1969"]
[PlyCount "76"]
[EventDate "2009.01.15"]
[EventType "swiss"]
[EventRounds "10"]
[EventCountry "NZL"]
[SourceTitle "CBM 128 Extra"]
[Source "ChessBase"]
[SourceDate "2009.03.05"]
[SourceVersion "2"]
[SourceVersionDate "2009.03.25"]
[SourceQuality "1"]

1. d4 d5 2. Nf3 e6 3. e3 Nf6 4. Bd3 Bd6 5. 0-0 Nbd7 6. Nbd2 0-0 7. b3 e5 8. dxe5 Nxe5 9. Be2 Re8 10. Bb2 Ng6 11. c4 c6 12. Qc2 Qe7 13. Rfe1 Ng4 14. Bd3 Qc7 15. h3 Bh2+ 16. Kf1 Nxf2 17. Nxh2 Nxd3 18. Qxd3 Qxh2 19. cxd5 Nh4 20. Re2 Qh1+ 21. Kf2 Qxg2+ 22. Ke1 Qxd5 23. Qc3 f6 24. e4 Qg5 25. Kd1 Be6 26. Kc2 Rad8 27. Re3 Rd7 28. Rf1 Red8 29. Bc1 Qe5 30. Qxe5 fxe5 31. Nf3 Bxh3 32. Rf2 Ng2 33. Rc3 Rf7 34. Re2 Bg4 35. Rxg2 Bxf3 36. Rg5 Bxe4+ 37. Kb2 Rf2+ 38. Ka3 Rd5 0-1

[Event "Queenstown op"]
[Site "Queenstown"]
[Date "2009.01.15"]
[Round "1"]
[White "Holland, Dennis"]
[Black "Krivec, Jana"]
[Result "0-1"]
[WhiteElo "1969"]
[BlackElo "2343"]
[PlyCount "92"]
[EventDate "2009.01.15"]
[EventType "swiss"]
[EventRounds "10"]
[EventCountry "NZL"]
[SourceTitle "CBM 128 Extra"]
[Source "ChessBase"]
[SourceDate "2009.03.05"]
[SourceVersion "2"]
[SourceVersionDate "2009.03.25"]
[SourceQuality "1"]

1. d4 d5 2. c4 dxc4 3. e3 e6 4. Bxc4 Nf6 5. Nf3 a6 6. 0-0 c5 7. dxc5 Qxd1 8. Rxd1 Bxc5 9. a3 Nbd7 10. b4 Be7 11. Bb2 b5 12. Be2 Bb7 13. Nbd2 0-0 14. Rac1 Rac8 15. Ne5 Nb6 16. Nb3 Na4 17. Ba1 Bd5 18. Nd4 Ne4 19. Nec6 Bf6 20. Rc2 e5 21. Rdc1 exd4 22. Ne7+ Bxe7 23. Rxc8 Nec3 24. Rxf8+ Kxf8 25. Bd1 Bf6 26. exd4 Nxd1 27. Rxd1 Nb6 28. Bb2 Nc4 29. Bc1 Ke7 30. Re1+ Kd6 31. Bf4+ Kc6 32. Be5 Bxe5 33. dxe5 Nxa3 34. Ra1 Nc2 35. Rxa6+ Kb7 36. Rd6 Nxb4 37. f4 Be6 38. Kf2 Nc6 39. Ke3 b4 40. Rd2 Kb6 41. Kd3 Kc5 42. Rc2+ Kb5 43. Rc1 Bf5+ 44. Ke3 b3 45. Rc3 Na5 46. Kd4 b2 0-1

[Event "Sydney op"]
[Site "Parramatta"]
[Date "2007.04.14"]
[Round "8"]
[White "Holland, Dennis"]
[Black "West, Guy"]
[Result "0-1"]
[WhiteElo "1961"]
[BlackElo "2368"]
[PlyCount "44"]
[EventDate "2007.04.10"]
[EventType "swiss"]
[EventRounds "9"]
[EventCountry "AUS"]
[SourceTitle "EXT 2023"]
[Source "ChessBase"]
[SourceDate "2022.10.05"]
[SourceVersion "1"]
[SourceVersionDate "2022.10.05"]
[SourceQuality "1"]

1. d4 Nf6 2. c4 c5 3. e3 g6 4. Nf3 Bg7 5. Be2 0-0 6. Nc3 cxd4 7. exd4 d5 8. Qb3 dxc4 9. Bxc4 e6 10. Bf4 Nc6 11. Nb5 Na5 12. Qa4 Nxc4 13. Qxc4 Bd7 14. Nd6 Bc6 15. 0-0 Bd5 16. Qb4 Bxf3 17. gxf3 Nd5 18. Qd2 Qh4 19. Be5 Bh6 20. Qc2 Bf4 21. Bxf4 Nxf4 22. Kh1 Qh3 0-1

[Event "Sydney op"]
[Site "Parramatta"]
[Date "2007.04.13"]
[Round "6"]
[White "Greenwood, Norman"]
[Black "Holland, Dennis"]
[Result "0-1"]
[WhiteElo "1515"]
[BlackElo "1961"]
[PlyCount "64"]
[EventDate "2007.04.10"]
[EventType "swiss"]
[EventRounds "9"]
[EventCountry "AUS"]
[SourceTitle "EXT 2023"]
[Source "ChessBase"]
[SourceDate "2022.10.05"]
[SourceVersion "1"]
[SourceVersionDate "2022.10.05"]
[SourceQuality "1"]

1. d4 d5 2. Nf3 c5 3. e3 e6 4. c3 Nf6 5. Bd3 Nbd7 6. Nbd2 Bd6 7. 0-0 0-0 8. b3 e5 9. Nxe5 Nxe5 10. dxe5 Bxe5 11. Bb2 Bg4 12. Nf3 Bc7 13. Rc1 Qd6 14. g3 Rad8 15. Be2 Bh3 16. Re1 Ne4 17. Ng5 Nxg5 18. Bg4 Qh6 19. f4 Ne4 20. Rc2 f5 21. Bf3 Rd6 22. Qe2 Rg6 23. Bxe4 fxe4 24. Qf2 Bg4 25. Rd2 Rf5 26. Ba3 Bb6 27. c4 Ba5 28. Bxc5 Bxd2 29. Qxd2 Bf3 30. Qf2 dxc4 31. Bxa7 Ra5 32. Bb8 Rxa2 0-1

[Event "Sydney op"]
[Site "Parramatta"]
[Date "2007.04.10"]
[Round "1"]
[White "Zhao, Zong Yuan"]
[Black "Holland, Dennis"]
[Result "1-0"]
[WhiteElo "2476"]
[BlackElo "1961"]
[PlyCount "67"]
[EventDate "2007.04.10"]
[EventType "swiss"]
[EventRounds "9"]
[EventCountry "AUS"]
[SourceTitle "EXT 2023"]
[Source "ChessBase"]
[SourceDate "2022.10.05"]
[SourceVersion "1"]
[SourceVersionDate "2022.10.05"]
[SourceQuality "1"]

1. e4 e6 2. d4 d5 3. Nd2 Nf6 4. e5 Nfd7 5. c3 c5 6. f4 Nc6 7. Ndf3 Be7 8. Bd3 cxd4 9. cxd4 Nb6 10. Ne2 Bd7 11. 0-0 Qc7 12. a3 Na5 13. b3 Rc8 14. Bd2 Na8 15. Rb1 b5 16. f5 Qb6 17. Qe1 Nc6 18. Qg3 Bf8 19. fxe6 Bxe6 20. Be3 Nc7 21. Nf4 Ne7 22. Nh5 Ng6 23. Ng5 a6 24. b4 Rd8 25. Rb2 Rd7 26. Rbf2 Qc6 27. Nxh7 Rxh7 28. Bxg6 Rh8 29. Nf4 a5 30. Nxe6 Qxe6 31. Rxf7 Rxf7 32. Bxf7+ Qxf7 33. Rxf7 Kxf7 34. Qf3+ 1-0

[Event "Australian op"]
[Site "Tuggeranong"]
[Date "2007.01.01"]
[Round "4"]
[White "Korenevski, Oleg"]
[Black "Holland, Dennis"]
[Result "1-0"]
[WhiteElo "2009"]
[BlackElo "1976"]
[PlyCount "79"]
[EventDate "2006.12.28"]
[EventType "swiss"]
[EventRounds "11"]
[EventCountry "AUS"]
[SourceTitle "CBM 116 Extra"]
[Source "ChessBase"]
[SourceDate "2007.03.07"]
[SourceVersion "1"]
[SourceVersionDate "2007.03.07"]
[SourceQuality "1"]

1. d4 d5 2. c4 e6 3. Nc3 Nf6 4. Bg5 c6 5. e3 Nbd7 6. cxd5 exd5 7. Bd3 Qa5 8. Nge2 Bd6 9. Ng3 h6 10. Nf5 Bf8 11. Bf4 g6 12. Nd6+ Bxd6 13. Bxd6 Ne4 14. Bxe4 dxe4 15. Qc2 f5 16. Qb3 Nf6 17. Be5 Qd8 18. 0-0-0 Qe7 19. Bxf6 Qxf6 20. d5 b6 21. Rd2 Bb7 22. dxc6 Qxc6 23. Rhd1 Ke7 24. Rd7+ Qxd7 25. Rxd7+ Kxd7 26. Qf7+ Kc6 27. Qd5+ Kc7 28. Nb5+ Kc8 29. Qe6+ Kd8 30. Qd6+ Ke8 31. Qxg6+ Kd7 32. Qd6+ Ke8 33. Nc7+ Kf7 34. Qe6+ Kg7 35. Nxa8 Bxa8 36. Qe7+ Kg6 37. Qxa7 Rc8+ 38. Kd2 Rd8+ 39. Kc3 Rc8+ 40. Kb4 1-0